Southville International School and Colleges
Your cart is empty.
  • Cart
  • Lists
    Public lists Eva Luna New books Lux_list list_1
    Your lists Log in to create your own lists
  • Log in to your account
  • Your cookies
  • Search history
Southville International School and Colleges
  • Advanced search
  • Recent comments
  • Most popular
  • Libraries

Log in to your account

Log in with GOOGLE


If you do not have an external account, but do have a local account, you can still log in:

  1. Home
  2. MARC view: The family :
Normal view MARC view ISBD view

The family : (Record no. 288501)

[ view plain ]
MARC details
000 -LEADER
fixed length control field 01553cam a2200397 a 4500
001 - CONTROL NUMBER
control field 13734220
003 - CONTROL NUMBER IDENTIFIER
control field PILC
005 - DATE AND TIME OF LATEST TRANSACTION
control field 20150826105536.0
008 - FIXED-LENGTH DATA ELEMENTS--GENERAL INFORMATION
fixed length control field 040928s2004 nyua b 001 0ceng
010 ## - LIBRARY OF CONGRESS CONTROL NUMBER
LC control number 2004269377
020 ## - INTERNATIONAL STANDARD BOOK NUMBER
International Standard Book Number 0385503245
040 ## - CATALOGING SOURCE
Original cataloging agency DLC
Transcribing agency DLC
Modifying agency DLC
043 ## - GEOGRAPHIC AREA CODE
Geographic area code n-us---
050 00 - LIBRARY OF CONGRESS CALL NUMBER
Classification number E 747
Item number .K45 2004
082 00 - DEWEY DECIMAL CLASSIFICATION NUMBER
Classification number 929/.2/0973
100 1# - MAIN ENTRY--PERSONAL NAME
Personal name Kelley, Kitty.
245 14 - TITLE STATEMENT
Title The family :
Remainder of title the real story of the Bush dynasty /
Statement of responsibility, etc Kitty Kelley.
260 ## - PUBLICATION, DISTRIBUTION, ETC. (IMPRINT)
Place of publication, distribution, etc New York :
Name of publisher, distributor, etc Doubleday,
Date of publication, distribution, etc 2004.
300 ## - PHYSICAL DESCRIPTION
Extent xxviii, 705 pages :
Other physical details illustrations ;
Dimensions 25 cm.
500 ## - GENERAL NOTE
General note Includes bibliographical references and index.
600 30 - SUBJECT ADDED ENTRY--PERSONAL NAME
Personal name Bush family.
600 10 - SUBJECT ADDED ENTRY--PERSONAL NAME
Personal name Bush, Prescott Sheldon,
Dates associated with a name 1895-1972.
600 10 - SUBJECT ADDED ENTRY--PERSONAL NAME
Personal name Bush, George,
Dates associated with a name 1924-
600 10 - SUBJECT ADDED ENTRY--PERSONAL NAME
Personal name Bush, George W.
Fuller form of name (George Walker),
Dates associated with a name 1946-
600 10 - SUBJECT ADDED ENTRY--PERSONAL NAME
Personal name Bush, Jeb.
650 #0 - SUBJECT ADDED ENTRY--TOPICAL TERM
Topical term or geographic name as entry element Politicians
Geographic subdivision United States
Form subdivision Biography.
650 #0 - SUBJECT ADDED ENTRY--TOPICAL TERM
Topical term or geographic name as entry element Presidents
Geographic subdivision United States
Form subdivision Biography.
650 #0 - SUBJECT ADDED ENTRY--TOPICAL TERM
Topical term or geographic name as entry element Children of presidents
Geographic subdivision United States
Form subdivision Biography.
650 #0 - SUBJECT ADDED ENTRY--TOPICAL TERM
Topical term or geographic name as entry element Governors
Geographic subdivision United States
Form subdivision Biography.
856 42 - ELECTRONIC LOCATION AND ACCESS
Materials specified Contributor biographical information
Uniform Resource Identifier <a href="http://www.loc.gov/catdir/bios/random051/2004269377.html">http://www.loc.gov/catdir/bios/random051/2004269377.html</a>
856 41 - ELECTRONIC LOCATION AND ACCESS
Materials specified Sample text
Uniform Resource Identifier <a href="http://www.loc.gov/catdir/samples/random051/2004269377.html">http://www.loc.gov/catdir/samples/random051/2004269377.html</a>
856 42 - ELECTRONIC LOCATION AND ACCESS
Materials specified Publisher description
Uniform Resource Identifier <a href="http://www.loc.gov/catdir/description/random051/2004269377.html">http://www.loc.gov/catdir/description/random051/2004269377.html</a>
906 ## - LOCAL DATA ELEMENT F, LDF (RLIN)
a 7
b cbc
c orignew
d 1
e ocip
f 20
g y-gencatlg
942 ## - ADDED ENTRY ELEMENTS (KOHA)
Source of classification or shelving scheme Library of Congress Classification
Koha item type Books
Holdings
Withdrawn status Lost status Source of classification or shelving scheme Damaged status Home library Current library Shelving location Date acquired Source of acquisition Sub Shelving location Total Checkouts Full call number Barcode Date last seen Price effective from Koha item type
    Library of Congress Classification   College Library College Library General Circulation Section 08/26/2015 Donation     E 747 .K45 2004 C19801 05/15/2018 08/26/2015 Books

The family :

APA

Kelley K., . (2004). The family. New York: Doubleday.

Chicago

Kelley Kitty, . 2004. The family. New York: Doubleday.

Harvard

Kelley K., . (2004). The family. New York: Doubleday.

MLA

Kelley Kitty, . The family. New York: Doubleday. 2004.

  • Place hold
  • Print
  • Cite
  • Add to your cart (remove)
  • Save record
    BIBTEX Dublin Core MARCXML MARC (non-Unicode/MARC-8) MARC (Unicode/UTF-8) MARC (Unicode/UTF-8, Standard) MODS (XML) RIS
  • More searches
    Search for this title in:
    Other Libraries (WorldCat) Other Databases (Google Scholar) Online Stores (Bookfinder.com) Open Library (openlibrary.org)

Exporting to Dublin Core...

SOUTHVILLE LIBRARY

Southville International School and Colleges Library

1281 Tropical Ave. Cor. Luxembourg St., BF Homes International, Las Pinas City

Tel. No. 8256374 / 252358 Loc. 117/146

Powered by Koha